Inflácia ako peňažný jav bakalárska práca

Uložené v:
Podrobná bibliografia
Hlavný autor: Bednár, Ján
Korporativný autor: Národohospodárska fakulta EU. Katedra bankovníctva a medzinárodných financií
Ďalší autori: Pilch, Ctibor, 1957-
Médium: Kniha
Jazyk:Slovak
Vydavateľské údaje: Bratislava 2009
Tagy: Pridať tag
Žiadne tagy, Buďte prvý, kto otaguje tento záznam!

MARC

LEADER 00000nam$a2200000$$$4500
001 0100136
005 20240319123234.9
041 0 |a slo 
044 |a SK 
245 1 0 |a Inflácia ako peňažný jav  |b bakalárska práca  |c Ján Bednár ; škol. Ctibor Pilch 
264 1 |a Bratislava  |c 2009 
300 |a 48 s. 
100 1 |a Bednár, Ján 
700 1 |a Pilch, Ctibor, 1957- 
710 2 |a Národohospodárska fakulta EU. Katedra bankovníctva a medzinárodných financií